Estudio de Opinión Pública Unimer RI - La Nación febrero de 1996: efectuada del 16 al 30 de enero /

Sábháilte in:
Sonraí bibleagrafaíochta
Príomhchruthaitheoir: Mendiola T, Haydée
Údar corparáideach: Unimer Research International
Rannpháirtithe: Paniagua, Carlos G.
Formáid: Téacs
Foilsithe / Cruthaithe: San José: Unimer
Clibeanna: Cuir clib leis
Níl clibeanna ann, Bí ar an gcéad duine le clib a chur leis an taifead seo!

MARC

LEADER 00000 a a2200000 04500
001 27652
003
040
090 |a 185908  |b ENCUESTA  
100 |a Mendiola T, Haydée  
110 |a Unimer Research International  
245 |a Estudio de Opinión Pública Unimer RI - La Nación febrero de 1996: efectuada del 16 al 30 de enero /  |c Haydée Mendiola T. 
260 |a San José:   |b Unimer  
300 |a 64 p. y s.p   |b **no definido**   |b fonodiscos  
700 |a Paniagua, Carlos G.  
999 |c 8861  |d 8861